| 000 | 00555nam a2200181 a 4500 | ||
|---|---|---|---|
| 005 | 20140310183448.0 | ||
| 008 | 081127s19uu xx 00 eng d | ||
| 020 | _a9781845426101 | ||
| 050 |
_aNX 163 _b.En58 2007 |
||
| 245 |
_aEntrepreneurship in the creative industries : _ban international perspective / _cedited by : Colette, Henry |
||
| 260 |
_aU.S.A : _bEdward Elgar Publishing, _c2007. |
||
| 300 |
_a215 p. : _c23 cm. |
||
| 521 | _aBSBA | ||
| 650 |
_aArts _xManagement. |
||
| 650 | _aEntrepreneurship. | ||
| 942 |
_cBK _2lcc _kFOR |
||
| 999 |
_c23295 _d23295 |
||